Financial markets in continuous time Tr byAnna Kennedy (Record no. 514693)

MARC details
000 -LEADER
fixed length control field 00887nam a2200277Ia 4500
003 - CONTROL NUMBER IDENTIFIER
control field OSt
005 - DATE AND TIME OF LATEST TRANSACTION
control field 20220925190452.0
008 - FIXED-LENGTH DATA ELEMENTS--GENERAL INFORMATION
fixed length control field 220923b |||||||| |||| 00| 0 eng d
020 ## - INTERNATIONAL STANDARD BOOK NUMBER
International Standard Book Number 9783540711490
037 ## - SOURCE OF ACQUISITION
Terms of availability General Book
040 ## - CATALOGING SOURCE
Original cataloging agency RTL
Transcribing agency RTL
Language of cataloging eng
041 ## - LANGUAGE CODE
Source of code eng
Language code of text/sound track or separate title eng
100 ## - MAIN ENTRY--PERSONAL NAME
Personal name Dana Rose-Anne
9 (RLIN) 238512
245 #0 - TITLE STATEMENT
Title Financial markets in continuous time Tr byAnna Kennedy
260 ## - PUBLICATION, DISTRIBUTION, ETC.
Place of publication, distribution, etc. Berlin
Name of publisher, distributor, etc. Springer
Date of publication, distribution, etc. 2007
300 ## - PHYSICAL DESCRIPTION
Extent xi, 326p
Dimensions cm.
490 ## - SERIES STATEMENT
Series statement Springer Finances
500 ## - GENERAL NOTE
General note Bibliography P301-26
650 ## - SUBJECT ADDED ENTRY--TOPICAL TERM
Topical term or geographic name entry element Economics
700 ## - ADDED ENTRY--PERSONAL NAME
Personal name Jeanblanc Monique
9 (RLIN) 238513
942 ## - ADDED ENTRY ELEMENTS (KOHA)
Classification part X64, P7
Koha item type General Books
Source of classification or shelving scheme Colon Classification (CC)

No items available.

Copyright @ Delhi University Library System